| 000 | 00497nam a2200169Ia 4500 | ||
|---|---|---|---|
| 005 | 20250923144401.0 | ||
| 008 | 008 250917s9999 xx 000 0 eng d | ||
| 037 | _aTextual | ||
| 040 |
_aDSWL _beng _cDSWL |
||
| 041 |
_aeng _2eng |
||
| 084 |
_aT3p3:N48, H9 _qDSWL |
||
| 245 | 0 |
_aEducation of the young worker _cby Oxford Unoversity ,Departnment of Education |
|
| 260 |
_aOxford _bOUP _c1949 |
||
| 300 | _a119 p. | ||
| 942 |
_cTEXL _hT3p3:N48, H9 |
||
| 999 |
_c1438163 _d1438163 |
||